000 00331nam a2200133Ia 4500
008 191201s2012 xx 000 0 und d
100 _aJAIN,RK
245 0 _aMechanical Engineering for Competitions
250 _aRep
260 _aN. Delhi
_bKhanna Publisher
_c2012
300 _a1286+192
650 _aB.Tech(ME)
942 _2ddc
_cBK
999 _c5615
_d5615